Logo BPK

Bibliografia Prac Pracowników

Politechniki Koszalińskiej

Możliwości wykorzystania szkieł odpadowych jako materiałów ściernych / (Rekord nr 6107)

Szczegóły MARC
000 -ETYKIETA REKORDU
podpole kontrolne o stałej długości 01112nab a2200229 i 4500
001 - NUMER KONTROLNY REKORDU
podpole kontrolne BPP
003 - IDENTYFIKATOR NUMERU KONTROLNEGO REKORDU
podpole kontrolne BPK
005 - DATA OSTATNIEJ MODYFIKACJI REKORDU
podpole kontrolne 20190610114406.0
008 - POLE O STAŁEJ DŁUGOŚCI - DANE KONTROLNE
podpole kontrolne o stałej długości 140428s1983 pl f |000 0 pol
040 ## - ŹRÓDŁO KATALOGOWANIA
Instytucja, która utworzyła rekord BPK
080 ## - UNIWERSALNA KLASYFIKACJA DZIESIĘTNA - UKD
UKD 621.9
100 ## - NAZWA OSOBOWA
Nazwa osobowa WOŹNIAK, Kazimierz.
Lata pracy 1980 - 1989.
Instytucja Wyższa Szkoła Inżynierska w Koszalinie - Wydział Mechaniczny,
Wydział Zakład Materiałoznawstwa i Obróbki Cieplnej
245 ## - TYTUŁ/ODPOWIEDZIALNOŚĆ
Tytuł Możliwości wykorzystania szkieł odpadowych jako materiałów ściernych /
Pozostałe elementy strefy tytułu i oznaczenia odpowiedzialności Kazimierz Woźniak, Daniela Herman.
260 ## - STREFA ADRESU WYDAWNICZEGO
Data publikacji, dystrybucji/powstania dokumentu 1983.
500 ## - UWAGI OGÓLNE
Tekst uwagi Dane z autopsji.
520 ## - UWAGA DOTYCZĄCA TREŚCI DOKUMENTU
Analiza dokumentacyjna, adnotacja itp. Omówiono wyniki badań czterech gatunków szkieł odpadowych, przeprowadzonych w celu określenia ich przydatności jako materiałów ściernych. Ocena własności eksploatacyjnych ściernic elastycznych o ścierniwie szklanym.
650 #0 - HASŁO PRZEDMIOTOWE W FORMIE NAZWY OGÓLNEJ LUB JEDNOSTKOWEJ
Nazwa ogólna lub geograficzna Szkło.
650 #0 - HASŁO PRZEDMIOTOWE W FORMIE NAZWY OGÓLNEJ LUB JEDNOSTKOWEJ
Nazwa ogólna lub geograficzna Ściernica
773 ## - TYTUŁ DOKUMENTU MACIERZYSTEGO
Wyrażenie wprowadzające W :
Tytuł Mechanik. -
Informacje dotyczące relacji 1983, nr 12, s. 725-727
700 ## - HASŁO DODATKOWE - NAZWA OSOBOWA
Nazwa osobowa HERMAN, Daniela.
Lata pracy 1974 - 1996.
Instytucja Wyższa Szkoła Inżynierska w Koszalinie - Wydział Mechaniczny,
Wydział Zakład Elektrotechniki i Elektrochemii
942 ## - HASŁO DODATKOWE - ELEMENTY(KOHA)
Typ dokumentu Artykuł
Schemat klasyfikacji Uniwersalna klasyfikacja dziesiętna

Brak dostępnych egzemplarzy.

© 2014 Biblioteka Politechniki Koszalińskiej :: BIBLIOGRAFIA PRAC PRACOWNIKÓW